00568nam a2200193 a 4500001001300000003000900013005001700022008004100039020002600080082001500106100002000121245008000141260003900221300000900260500003500269505001000304650004000314700002000354nice12345678IN_TiNIC20260116014006.0050524s1986 newa grp 000 0 eng  a0345906 c321.5400a302.2bTAN aTannen, Deborah aThat`s Not What I Meant! How Conversational Style Makes Or Breaks Relations aNew York bBallantine Books c1986 a209p aincludes index and biblioraphy2 aIndex aCommunication-Community Development1 aTannen, Deborah